| 000 | 00414nam a22001577a 4500 | ||
|---|---|---|---|
| 005 | 20251121120824.0 | ||
| 008 | 251121b |||||||| |||| 00| 0 eng d | ||
| 020 | _a979-8-88715-381-0 | ||
| 100 | _aANDERSON, MARTIN | ||
| 245 | _aDROUGHT MANAGEMENT | ||
| 260 |
_aDUBLIN _bORYSON PRESS _c2024 |
||
| 300 | _aVI, 291P. | ||
| 500 | _aINCLUDES INDEX | ||
| 650 | _a1.DROUGHTS 2. DROUGHT MANAGEMENT | ||
| 942 |
_2lcc _cBK |
||
| 999 |
_c216255 _d216255 |
||